| 000 | | | 03669nmc2a22002413x 450 |
| 001 | | | 7ca88e63-b453-4c38-9829-f9a287ab5558 |
| 005 | | | 20201021023514.0 |
| 100 | ## | $a | 20200622l19161917k l0rusy0189 ca |
| 101 | 0# | $a | rus |
| 102 | ## | $a | RU |
| 105 | ## | $a | y### |
| 122 | 2# | $a | d |
| 200 | 1# | $a | Дело об увеличении содержания (временно) низшим служащим постановочной части и поденным |
| | $j | 21 июля 1916 г. - 16 мая 1917 г. |
| 215 | ## | $a | 42 л. |
| | $d | 36,5х26 см |
| 251 | ## | $c | Дело |
| 300 | ## | $a | На бланке обложки указано: "Дело Санкт-Петербургской конторы императорских театров" |
| 371 | ## | $a | Документ не является опубликованным и широко распространяемым |
| 461 | #0 | $1 | 0019264ebf8-de62-4f1a-9eb4-9f22098dbbd5 |
| | $1 | 2001 |
| | $a | Дирекция императорских театров МИДв |
| | $1 | 251 |
| | $c | Фонд |
| | $1 | 852 |
| | $j | 497 |
| 462 | #0 | $1 | 001f2ae34af-a20b-4ff2-abb3-ccb0378a4d98 |
| | $1 | 2001 |
| | $a | 1860-1922 гг. |
| | $1 | 251 |
| | $c | Опись |
| | $1 | 852 |
| | $j | 8 |
| 801 | #0 | $a | RU |
| | $b | РГИА |
| | $c | 20200622 |
| | $g | RCR |
| 801 | #1 | $a | RU |
| | $b | ГлавНИВЦ |
| | $c | 20200622 |
| | $2 | rusmarc |
| 801 | #2 | $a | RU |
| | $b | ПБ им. Б.Н. Ельцина |
| | $c | 20201021 |
| | $g | RCR |
| | $2 | rusmarc |
| 850 | ## | $a | РГИА |
| 852 | ## | $a | РГИА |
| | $e | Федеральное казенное учреждение "Российский государственный исторический архив" (РГИА) |
| | $j | 405 |
| 937 | ## | $h | РГИА |
| | $d | 12342215 |
| | $a | ASBIBLIO_SCAN |
| 035 | ## | $a | RusGRCC00005282 |
| 856 | ## | $u | http://readingroom.main.prlib.ru/item.aspx?id_node=n149248499&mode=full |